<?xml version="1.0" encoding="UTF-8"?>
<record
    xmlns:xsi="http://www.w3.org/2001/XMLSchema-instance"
    xsi:schemaLocation="http://www.loc.gov/MARC21/slim http://www.loc.gov/standards/marcxml/schema/MARC21slim.xsd"
    xmlns="http://www.loc.gov/MARC21/slim">

  <leader>008070000a22002410004500</leader>
  <controlfield tag="003">LK-CoMWRAF</controlfield>
  <controlfield tag="005">20231201111018.0</controlfield>
  <controlfield tag="008">230817t           ||||| |||| 00| 0 eng d</controlfield>
  <datafield tag="040" ind1=" " ind2=" ">
    <subfield code="a">LK-CoMWRAF</subfield>
    <subfield code="d">LK-CoMWRAF</subfield>
    <subfield code="e">LK-CoMWRAF</subfield>
  </datafield>
  <datafield tag="041" ind1=" " ind2=" ">
    <subfield code="a">eng</subfield>
  </datafield>
  <datafield tag="082" ind1=" " ind2=" ">
    <subfield code="a">891.483</subfield>
    <subfield code="b">KAT</subfield>
  </datafield>
  <datafield tag="100" ind1=" " ind2=" ">
    <subfield code="a">&#xDB8;&#xDC4;&#xDB8;&#xDD6;&#xDA9;&#xDCA;. &#xDB8;&#xDD4;&#xDC4;&#xDB8;&#xDA9;&#xDCA;</subfield>
  </datafield>
  <datafield tag="245" ind1=" " ind2=" ">
    <subfield code="a">&#xD9A;&#xDAD;&#xDCF; &#xDB8;&#xDD4;&#xDAD;&#xDD4; : </subfield>
    <subfield code="b">&#xDC3;&#xDD2;&#xDC0;&#xDCA;&#xDC0;&#xDD9;&#xDB1;&#xDD2; &#xD9A;&#xDDC;&#xDA7;&#xDC3;</subfield>
  </datafield>
  <datafield tag="246" ind1=" " ind2=" ">
    <subfield code="a">Katha muthu : Siwweni kotasa</subfield>
  </datafield>
  <datafield tag="260" ind1=" " ind2=" ">
    <subfield code="a">&#xD9A;&#xDDC;&#xDC5;&#xDB9; : </subfield>
    <subfield code="b">&#xD89;&#xDC3;&#xDCA;&#xDBD;&#xDCF;&#xDB8;&#xDCA; &#xDC3;&#xD82;&#xDC3;&#xDCA;&#xD9A;&#xDD8;&#xDAD;&#xDD2;&#xD9A; &#xDB8;&#xDB0;&#xDCA;&#x200D;&#xDBA;&#xDC3;&#xDCA;&#xDAE;&#xDCF;&#xDB1;&#xDBA;,</subfield>
  </datafield>
  <datafield tag="300" ind1=" " ind2=" ">
    <subfield code="a">&#xDB4;&#xDD2;. 256</subfield>
  </datafield>
  <datafield tag="490" ind1=" " ind2=" ">
    <subfield code="a">04 &#xDC0;&#xDD9;&#xDB1;&#xDD2; &#xDC0;&#xDD9;&#xDC5;&#xDD4;&#xDB8;</subfield>
  </datafield>
  <datafield tag="650" ind1=" " ind2=" ">
    <subfield code="a">&#xDC3;&#xDD2;&#xD82;&#xDC4;&#xDBD; &#xDB4;&#xDCA;&#x200D;&#xDBB;&#x200D;&#xDB6;&#xDB1;&#xDCA;&#xDB0;</subfield>
  </datafield>
  <datafield tag="650" ind1=" " ind2=" ">
    <subfield code="a">Islam</subfield>
  </datafield>
  <datafield tag="650" ind1=" " ind2=" ">
    <subfield code="a">Sinhala Text</subfield>
  </datafield>
  <datafield tag="700" ind1=" " ind2=" ">
    <subfield code="a">Mallawathanthri,, P.W.</subfield>
    <subfield code="e">ed.</subfield>
  </datafield>
  <datafield tag="942" ind1=" " ind2=" ">
    <subfield code="c">BK</subfield>
  </datafield>
  <datafield tag="952" ind1=" " ind2=" ">
    <subfield code="0">0</subfield>
    <subfield code="1">0</subfield>
    <subfield code="4">0</subfield>
    <subfield code="7">0</subfield>
    <subfield code="a">MAIN</subfield>
    <subfield code="b">MAIN</subfield>
    <subfield code="d">2023-08-17</subfield>
    <subfield code="l">0</subfield>
    <subfield code="o">891.483 KAT</subfield>
    <subfield code="p">RAF1298</subfield>
    <subfield code="r">2023-08-17</subfield>
    <subfield code="w">2023-08-17</subfield>
    <subfield code="y">BK</subfield>
  </datafield>
  <datafield tag="999" ind1=" " ind2=" ">
    <subfield code="c">2335</subfield>
    <subfield code="d">2335</subfield>
  </datafield>
</record>
